000 00472nam a2200181Ia 4500
001 21009
005 20260306172848.0
008 260306t2010||||xx |||||||||||||| ||spa||
041 _aESP
082 _a343.9
_bI458
100 _aIlustre Colegio de Abogados de Arequipa
_eAUT
245 0 _aMemorias del I congreso nacional de derecho municipal:
_blibro de ponencias
260 _c2010
300 _a
_c
650 _aGEN
654 _aCDE
942 _cLIB
_dJUS
_fJUS
_2ddc
_n
999 _c21009
_d21009